KOHA-Header-6

Tourism in Scotland (Record no. 8246)

000 -LEADER
fixed length control field 00260nam a2200109Ia 4500
100 ## - MAIN ENTRY--AUTHOR NAME
Personal name Maclellan,Rory
245 #0 - TITLE STATEMENT
Title Tourism in Scotland
260 ## - PUBLICATION, DISTRIBUTION, ETC. (IMPRINT)
Place of publication New York
Name of publisher Prentice Hall
Year of publication 1997
300 ## - PHYSICAL DESCRIPTION
Number of Pages 343
942 ## - ADDED ENTRY ELEMENTS (KOHA)
Koha item type Books
Holdings
Withdrawn status Lost status Collection code Permanent Location Current Location Shelving location Date acquired Full call number Accession Number Koha item type
    English Literature MAJU MAJU Shelf No.A14 2019-09-13 813.54 2826 English Literature

Powered by Koha